LEADER 00776nam a2200193 i 4500 001 000000242928 003 CaOOAMICUS 005 20150618000000.0 008 150618s1800 it u000 u ita u 013 $a221833 026 $avan- 2.B. 7.ne (3(2 (3) 1800 (R) 040 $aSeMil$bita 245 10$aParte 1. 300 $aXVI, 283, [1] p. 500 $aSegn. : pg8 A-R8 S6. 773 0 $tRitiro spirituale di alcuni giorni per gli cherici regolari di S. Paolo detti barnabiti disposto da un sacerdote della stessa congregazione. Parte 1. [-2.].$dIn Milano : Dalla Tipografia di Antonio Guerrini, 1800.$g1$w()32069 850 $aSeMil 852 $aSeMil$W1$xVenegono$y1$m3F II 316 FA$j193274$B193274$CSeMilBibl$Z2$F204070 $8I 996 $6245$aParte 1$9(OLS)http://semarc/title/49080 LEADER 01057nam a2200181 i 4500 001 000000057255 003 CaOOAMICUS 005 19970929000000.0 008 970929n xx u000 u ger u 013 $a28427 040 $aSeMil$bita 100 1 $aScheid, José Ewaldo .$0(OLS)http://semarc/name/29085 245 14$aDas Heilsgeschehen :$bTod und Auferstehung Jesu im Lichte der Entmythologisierung Rudolf Bultmanns. Romae : [s.n.], 1959. ((Excertpa ex dissertatione ad lauream in Facultate Theologica Pontificiae Universitatis Gregorianae. 600 14$aBultmann, Rudolf <1884-1976>.$0(OLS)http://semarc/subject/4795 650 4$aTesi di laurea.$0(OLS)http://semarc/subject/1690 850 $aSeMil 852 $aSeMil$W1$xVenegono$y1$m2I V 225$j23409$B23409$CSeMilBibl$Z2$F23411 $81 996 $6245$aDas Heilsgeschehen :$bTod und Auferstehung Jesu im Lichte der Entmythologisierung Rudolf Bultmanns. Romae : [s.n.], 1959. ((Excertpa ex dissertatione ad lauream in Facultate Theologica Pontificiae Universitatis Gregorianae.$9(OLS)http://semarc/title/89079